Countries With The Most Indian Immigrants - Statistics

General Stats
  • This quiz has been taken 225 times
  • The average score is 10 of 15
Answer Stats
Overseas Indian Population Country % Correct
1,051,762 United Kingdom
99%
4,402,363 United States
99%
1,430,000 Canada
95%
3,860,000 United Arab Emirates
80%
4,124,000 Saudi Arabia
77%
666,000 Qatar
71%
850,000 Sri Lanka
65%
700,028 Singapore
64%
780,000 Kuwait
63%
2,109,200 Malaysia
62%
840,000 Oman
62%
1,360,000 South Africa
53%
4,010,000 Nepal
50%
1,180,000 Myanmar
42%
822,500 Mauritius
19%
No matching quizzes found
Score Distribution
Percent of People with Each Score
Percentile by Number Answered
Your Score History
You have not taken this quiz